[Event "CSS Freestyle 8th Final"]
[Site "playchess.com"]
[Date "2008.04.27"]
[Round "9"]
[White "Luminarydebris"]
[Black "Moro Gamgee"]
[Result "1/2-1/2"]
[WhiteElo "2500"]
[BlackElo "2495"]
[PlyCount "90"]
[EventDate "2008.04.25"]

1. e4 {2} e5 {1} 2. Nf3 {7} Nf6 {3} 3. Nxe5 {7} d6 {3} 4. Nf3 {4} Nxe4 {11} 5.
d4 {5} d5 {5} 6. Bd3 {10} Nc6 {3} 7. O-O {25} Be7 {5} 8. c4 {18} Nb4 {7} 9. Be2
{8} O-O {6} 10. Nc3 {49} Bf5 {20} 11. a3 {12} Nxc3 {5} 12. bxc3 {13} Nc6 {2}
13. cxd5 {76} Qxd5 {22} 14. Re1 {6} Rfe8 {25} 15. Bf4 {16} Rac8 {7} 16. Bd3 {
1652} Qd7 {5} 17. Rb1 {137} b6 {97} 18. d5 {53} Bxd3 {5} 19. Qxd3 {4} Bf6 {324}
20. c4 {52} Ne7 {65} 21. h3 {115} Ng6 {209} 22. Bg3 {13} h5 {344} 23. Nd4 {440}
Rcd8 {85} 24. Bh2 {11} a6 {306} 25. a4 {56} a5 {3} 26. Rbc1 {352} Be5 {124} 27.
Bxe5 {8} Rxe5 {4} 28. Rxe5 {2} Nxe5 {2} 29. Qc3 {1} Ng6 {71} 30. Re1 {113} Re8
{6} 31. Nb5 {225} c6 {3} 32. Rxe8+ {10} Qxe8 {2} 33. Nc7 {12} Qe7 {221} 34. d6
{15} Qxd6 {3} 35. Qxg7+ {5} Kxg7 {2} 36. Ne8+ {3} Kf8 {2} 37. Nxd6 {4} Ke7 {62}
38. c5 {69} b5 {142} 39. axb5 {5} cxb5 {2} 40. Nxb5 {6} Kd7 {2} 41. Nd4 {48} a4
{23} 42. g3 {160} Nf8 {109} 43. Kf1 {7} Ne6 {4} 44. Nc2 {16} Nxc5 {3} 45. f3 {
70} Ke6 {Moro Gamgee offers a draw (Lag: Av=0.45s, max=1.6s) 38} 1/2-1/2

[Event "CSS Freestyle 8th Final"]
[Site "playchess.com"]
[Date "2008.04.27"]
[Round "9"]
[White "Rybusia"]
[Black "Spaghetti Chess"]
[Result "1/2-1/2"]
[WhiteElo "2503"]
[BlackElo "2567"]
[PlyCount "133"]
[EventDate "2008.04.25"]

1. d4 {4} d5 {31} 2. c4 {6} c6 {12} 3. Nc3 {12} Nf6 {50} 4. e3 {11} e6 {39} 5.
Nf3 {8} Nbd7 {19} 6. Qc2 {10} Bd6 {25} 7. g4 {9} dxc4 {21} 8. Bxc4 {13} e5 {13}
9. g5 {17} Nd5 {18} 10. Bd2 {10} O-O {23} 11. Bd3 {16} Kh8 {40} 12. Bxh7 {50}
g6 {26} 13. h4 {46} Nb4 {1212} 14. Qb1 {7} Kxh7 {35} 15. h5 {8} Kg7 {28} 16. a3
{13} Nd5 {15} 17. hxg6 {25} fxg6 {13} 18. Rh6 {21} Ne7 {22} 19. Nh4 {24} exd4 {
150} 20. Rxg6+ {11} Nxg6 {22} 21. Qxg6+ {22} Kh8 {32} 22. Ne4 {12} Ne5 {479}
23. Qh6+ {8} Kg8 {10} 24. O-O-O {1605} Qd7 {1175} 25. f4 {. 774} Qh7 {186} 26.
Qxh7+ {8} Kxh7 {8} 27. Nxd6 {6} Nd3+ {29} 28. Kc2 {7} dxe3 {13} 29. Bxe3 {8}
Nxf4 {29} 30. Rf1 {5} Ng6 {18} 31. Rh1 {6} Nxh4 {19} 32. Rxh4+ {7} Kg7 {3} 33.
Rh6 {18} Rg8 {7} 34. Bd4+ {16} Kf8 {11} 35. Bf6 {15} Be6 {8} 36. Rh7 {21} Rg6 {
15} 37. Re7 {28} Bd5 {32} 38. Nxb7 {35} Re8 {86} 39. Rc7 {9} Re2+ {12} 40. Kc3
{154} Rf2 {6} 41. Nc5 {245} a5 {24} 42. Ra7 {15} Ke8 {117} 43. Kd4 {94} Rxb2 {
75} 44. Re7+ {19} Kd8 {2} 45. Rg7+ {519} Rxf6 {4} 46. gxf6 {3} Ra2 {11} 47. a4
{38} Re2 {7} 48. Nb7+ {108} Ke8 {3} 49. Kc5 {40} Rc2+ {46} 50. Kb6 {4} Rf2 {8}
51. Kxa5 {77} Rxf6 {4} 52. Nc5 {6} Rf2 {37} 53. Kb6 {6} Rb2+ {9} 54. Kc7 {4}
Ra2 {6} 55. Rg4 {17} Ke7 {14} 56. Rb4 {10} Rc2 {10} 57. Kb6 {9} Kd6 {3} 58.
Nb7+ {6} Kd7 {7} 59. a5 {8} Bc4 {8} 60. Rb1 {15} Be2 {8} 61. Nc5+ {36} Kd6 {9}
62. Ne4+ {23} Kd5 {Spaghetti Chess offre la patta 19} 63. Nf6+ {14} Kd6 {16}
64. Ne8+ {18} Kd7 {3} 65. Nc7 {11} Ra2 {13} 66. Rb3 {10} Rxa5 {31} 67. Kxa5 {
Rybusia offers a draw (Lag: Av=0.43s, max=1.8s) 12} 1/2-1/2

[Event "CSS Freestyle 8th Final"]
[Site "playchess.com"]
[Date "2008.04.27"]
[Round "9"]
[White "Regina H-Milch"]
[Black "Flyingfatman"]
[Result "1-0"]
[WhiteElo "2501"]
[BlackElo "2529"]
[PlyCount "161"]
[EventDate "2008.04.25"]

1. e4 {45} c6 {21} 2. d4 {28} d5 {40} 3. e5 {200} Bf5 {70} 4. Nf3 {161} e6 {23}
5. Be2 {78} Nd7 {32} 6. O-O {33} Bg6 {50} 7. a4 {314} Ne7 {132} 8. a5 {110} Nf5
{30} 9. c4 {62} dxc4 {380} 10. Qa4 {205} Be7 {12} 11. Qxc4 {28} O-O {137} 12.
g4 {285} Nh6 {8} 13. h3 {61} Bxb1 {57} 14. Rxb1 {6} Qxa5 {41} 15. Qc2 {150}
Rfd8 {508} 16. Bd2 {168} Qd5 {128} 17. b4 {68} Nb6 {210} 18. Ra1 {178} a6 {43}
19. Ra5 {89} Qd7 {13} 20. Bd3 {143} Kh8 {14} 21. Bxh7 {56} Nc4 {193} 22. Qxc4 {
50} Kxh7 {3} 23. Kg2 {243} Kh8 {186} 24. Qc1 {91} Ng8 {63} 25. Qc2 {49} Rf8 {
198} 26. Ra3 {177} Nh6 {73} 27. Qd3 {48} Rae8 {59} 28. Rc1 {88} Qd5 {76} 29.
Ra5 {23} Qd7 {15} 30. Rh1 {62} Bd8 {133} 31. Ra3 {30} Qd5 {8} 32. Re1 {40} Bb6
{127} 33. Bg5 {23} Rc8 {108} 34. Qd2 {89} Ng8 {90} 35. h4 {47} Rc7 {25} 36. Bf4
{32} Rd7 {26} 37. Qc2 {32} Bc7 {104} 38. Rc3 {50} Bb6 {14} 39. h5 {171} Nh6 {4}
40. Kh3 {27} Bd8 {12} 41. Kg3 {68} Be7 {30} 42. Rb1 {16} Rg8 {107} 43. Bg5 {66}
Bf8 {39} 44. Rc4 {16} Rc7 {30} 45. Qe2 {15} Rd7 {60} 46. Ra1 {25} Be7 {194} 47.
Bxe7 {53} Rxe7 {11} 48. Rc5 {19} Qd8 {87} 49. Qd2 {13} Rd7 {24} 50. Rd1 {13}
Qe7 {16} 51. Qe3 {23} Rd5 {31} 52. Rxd5 {39} cxd5 {15} 53. Qc3 {7} Qd7 {32} 54.
Rc1 {18} Qb5 {5} 55. Qd2 {30} Qd7 {15} 56. Qc2 {16} Qe8 {27} 57. Nh4 {6} Qe7 {
11} 58. Qd2 {13} Ra8 {59} 59. g5 {14} Nf5+ {3} 60. Nxf5 {13} exf5 {1} 61. Rc5 {
13} Rd8 {13} 62. f3 {22} Kh7 {20} 63. Kf4 {32} Kg8 {23} 64. Qa2 {19} Qe6 {13}
65. Qc2 {9} Qb6 {18} 66. Qd2 {9} Kh8 {15} 67. Qc3 {13} f6 {14} 68. gxf6 {13}
gxf6 {3} 69. Rc8 {18} fxe5+ {8} 70. Kxf5 {13} Qd6 {1} 71. Rxd8+ {17} Qxd8 {0}
72. dxe5 {19} d4 {11} 73. Qd2 {9} d3 {12} 74. Ke4 {12} Qh4+ {11} 75. Kxd3 {10}
Qxh5 {1} 76. Qf4 {17} Qe8 {25} 77. Ke3 {18} Qc6 {41} 78. Qf8+ {12} Kh7 {1} 79.
Qe7+ {16} Kg8 {4} 80. Kf4 {16} Qd5 {36} 81. Kg4 {
Flyingfatman resigns (Lag: Av=0.34s, max=1.5s) 25} 1-0

[Event "CSS Freestyle 8th Final"]
[Site "playchess.com"]
[Date "2008.04.27"]
[Round "9"]
[White "Enchanter"]
[Black "Ultima"]
[Result "0-1"]
[WhiteElo "2544"]
[BlackElo "2606"]
[PlyCount "188"]
[EventDate "2008.04.25"]

1. e4 {17} c5 {1} 2. Nf3 {3} d6 {1} 3. d4 {8} cxd4 {0} 4. Nxd4 {7} Nf6 {1} 5.
Nc3 {4} a6 {8} 6. Be2 {45} e5 {10} 7. Nb3 {73} Be7 {22} 8. Qd3 {56} O-O {30} 9.
O-O {45} Be6 {143} 10. Qg3 {36} Nc6 {26} 11. Be3 {13} Nb4 {83} 12. Bd1 {13} d5
{191} 13. exd5 {29} Nbxd5 {15} 14. Nxd5 {23} Qxd5 {184} 15. Bh6 {115} Ne8 {5}
16. Bf3 {46} Qc4 {5} 17. Rfe1 {95} Rd8 {5} 18. Bxb7 {490} Bh4 {873} 19. Bxa6 {
23} Bxg3 {7} 20. Bxc4 {4} Bxc4 {1} 21. Be3 {14} Bh4 {9} 22. Bc5 {6} Bf6 {186}
23. a4 {622} e4 {68} 24. Bxf8 {63} Kxf8 {0} 25. Rab1 {121} Rc8 {353} 26. Rxe4 {
63} Ba6 {24} 27. Na1 {375} Nd6 {7} 28. Rf4 {87} Bc4 {8} 29. b3 {71} Be6 {
Ultima offre la patta 2} 30. Rd1 {76} Be5 {27} 31. Rb4 {59} Bc3 {5} 32. Rb6 {65
} Ne4 {10} 33. b4 {39} Be5 {275} 34. b5 {246} Rc4 {8} 35. Rc6 {110} Rxa4 {7}
36. Nb3 {10} Rb4 {8} 37. b6 {122} Ke7 {7} 38. f3 {30} Bd7 {7} 39. Na5 {26} Rb5
{6} 40. b7 {70} Rxa5 {2} 41. Rc4 {6} Nf6 {1} 42. Re1 {4} Be6 {1} 43. Rxe5 {7}
Ra1+ {1} 44. Kf2 {2} Rb1 {1} 45. Rd4 {36} Rxb7 {21} 46. Ke1 {53} Rc7 {126} 47.
Kd2 {25} Ne8 {38} 48. g4 {50} Nd6 {55} 49. Kd3 {22} f6 {6} 50. Re3 {19} h5 {161
} 51. h3 {38} h4 {2} 52. Re1 {20} Nb5 {30} 53. Rb4 {12} Rd7+ {4} 54. Ke3 {23}
Na3 {153} 55. Re2 {3} Kf7 {7} 56. Kf2 {33} Rc7 {33} 57. c3 {34} Nc4 {76} 58. f4
{18} f5 {7} 59. g5 {80} Nd6 {10} 60. Rc2 {22} Bc4 {259} 61. Rcb2 {103} Ke7 {32}
62. Rb1 {42} Bd5 {11} 63. Rc1 {22} Ne4+ {8} 64. Ke3 {16} Ng3 {274} 65. c4 {30}
Bg2 {9} 66. Rb8 {30} Kf7 {15} 67. c5 {23} Re7+ {6} 68. Kd3 {21} Ne2 {16} 69.
Rc4 {23} Ng1 {11} 70. Kd2 {30} Nxh3 {7} 71. c6 {15} Rc7 {5} 72. Rh8 {20} Bd5 {5
} 73. Rb4 {150} Ng1 {14} 74. Ke3 {23} Nf3 {' 301} 75. Rd8 {73} Bxc6 {22} 76.
Rb6 {58} Nh2 {1} 77. Rh8 {15} Ng4+ {47} 78. Kd4 {16} Rd7+ {1} 79. Kc5 {10} Be4
{4} 80. Rxh4 {6} Nf2 {60} 81. g6+ {77} Ke7 {24} 82. Rh7 {27} Nd3+ {84} 83. Kc4
{6} Kd8 {17} 84. Rh4 {8} Ne1 {25} 85. Kc3 {19} Ng2 {56} 86. Rh8+ {15} Kc7 {10}
87. Ra6 {4} Nxf4 {13} 88. Rf8 {7} Rd3+ {48} 89. Kb4 {11} Kb7 {3} 90. Rfa8 {15}
Rd7 {22} 91. R8a7+ {38} Kc8 {12} 92. Rxd7 {2} Kxd7 {4} 93. Ra7+ {2} Ke6 {18}
94. Rxg7 {5} Kf6 {Enchanter gibt auf (Lag: Av=0.32s, max=0.7s) 6} 0-1